[Event "Waikato under 1800"]
[Site "Hamilton"]
[Date "2012.08.05"]
[Round "5.12"]
[White "Sayers, Nicholas"]
[Black "Wang, Aaron"]
[Result "0-1"]
[WhiteElo "1352"]
[BlackElo "853"]
[PlyCount "56"]
[EventDate "2012.08.03"]
[EventType "swiss"]
[EventRounds "6"]
[SourceDate "2012.08.05"]

1. d4 d5 2. e3 c6 3. Bd3 Nf6 4. Nf3 g6 5. O-O Bg7 6. c3 O-O 7. Nbd2 Bg4 8. c4
Re8 9. c5 e5 10. dxe5 Rxe5 11. Qb3 Bxf3 12. Nxf3 Re7 13. Bd2 b6 14. cxb6 axb6
15. Bc3 c5 16. Ne5 c4 17. Qb5 cxd3 18. Nc6 Nxc6 19. Qxc6 Re6 20. Qb5 Rc8 21.
Qxd3 Ne4 22. Rac1 Rec6 23. Bd2 Bxb2 24. Rxc6 Rxc6 25. h3 Nxd2 26. Qxd2 Bg7 27.
Rc1 Qc8 28. Re1 Bc3 0-1

[Event "Waikato under 1800"]
[Site "Hamilton"]
[Date "2012.08.05"]
[Round "6.1"]
[White "Brockway, Andrew"]
[Black "Crombie, Nigel"]
[Result "1/2-1/2"]
[WhiteElo "1798"]
[BlackElo "1577"]
[PlyCount "135"]
[EventDate "2012.08.03"]
[EventType "swiss"]
[EventRounds "6"]
[SourceDate "2012.08.05"]

1. e4 c5 2. Nc3 g6 3. f4 d6 4. Bb5+ Nc6 5. Bxc6+ bxc6 6. d3 Bg7 7. Nf3 Rb8 8.
O-O e6 9. Qe1 Ne7 10. Rb1 h6 11. Bd2 Qc7 12. f5 exf5 13. exf5 Bxf5 14. Nh4 Be6
15. Kh1 O-O 16. Ne4 Bxa2 17. Ra1 Be6 18. Nf6+ Kh8 19. Bc3 Nd5 20. Nxd5 cxd5 21.
Nxg6+ fxg6 22. Qxe6 d4 23. Bd2 g5 24. b3 Rbc8 25. Rxf8+ Rxf8 26. Kg1 Qf7 27.
Qxf7 Rxf7 28. Ra6 Bf8 29. h3 Kh7 30. g4 Kg6 31. Kg2 h5 32. Bc1 Rd7 33. Bd2 Be7
34. Be1 hxg4 35. hxg4 Bd8 36. Bg3 Bb6 37. Ra1 Re7 38. Kf2 Re6 39. Rh1 d5 40.
Ra1 c4 41. Re1 Rxe1 42. Kxe1 cxb3 43. cxb3 Kf6 44. Kd2 Ke6 45. Kc2 Kd7 46. Be5
Ke6 47. Bg3 Bd8 48. Bf2 Bf6 49. Kd1 Be5 50. Kc2 Kd6 51. Be1 Bf4 52. Bb4+ Ke5
53. Ba5 Kd6 54. Bb4+ Kc6 55. Be1 Kb5 56. Bf2 Be3 57. Be1 a5 58. Bg3 a4 59.
bxa4+ Kxa4 60. Be1 Kb5 61. Kb3 Kc6 62. Ka4 Kd6 63. Kb5 Ke5 64. Bg3+ Bf4 65. Be1
Bh2 66. Bf2 Bf4 67. Be1 Be3 68. Bg3+ 1/2-1/2

[Event "Waikato under 1800"]
[Site "Hamilton"]
[Date "2012.08.05"]
[Round "6.2"]
[White "Gong, Daniel"]
[Black "Kennedy, Ian"]
[Result "0-1"]
[WhiteElo "1570"]
[BlackElo "1481"]
[PlyCount "170"]
[EventDate "2012.08.03"]
[EventType "swiss"]
[EventRounds "6"]
[SourceDate "2012.08.05"]

1. e4 g6 2. d4 Bg7 3. Nf3 d6 4. Nc3 Nf6 5. Bc4 Nxe4 6. Nxe4 d5 7. Bxd5 Qxd5 8.
Nc3 Qd8 9. h3 Bf5 10. O-O Nd7 11. Bf4 Nf6 12. Nb5 Nd5 13. Bh2 a6 14. Nc3 c6 15.
Re1 O-O 16. Nxd5 cxd5 17. c3 Re8 18. Qb3 b5 19. a3 Rc8 20. Qd1 Ra8 21. Qb3 Rc8
22. Qd1 Ra8 23. Qe2 Qc8 24. Rad1 Ra7 25. Qe3 Be4 26. Nd2 Bf5 27. Re2 Qd7 28.
Nb3 Qd8 29. Nc5 Bc8 30. Rde1 e6 31. Qg3 Bf8 32. Nd3 Ra8 33. Qf3 Ra7 34. Nf4 Bb7
35. Nd3 Bc8 36. Re3 Bh6 37. R3e2 Bf8 38. Be5 Bg7 39. Bxg7 Kxg7 40. Nc5 Qf6 41.
Qxf6+ Kxf6 42. Re5 Rd8 43. g4 Re7 44. R5e3 Kg7 45. Kg2 Rd6 46. g5 h6 47. h4 h5
48. Rf3 Kg8 49. Rfe3 Kg7 50. R3e2 Kg8 51. Ra1 Kg7 52. a4 Rb6 53. axb5 Rxb5 54.
b3 Ra7 55. c4 Rb4 56. Rc1 dxc4 57. Rxc4 a5 58. Rxb4 axb4 59. Kf3 Ra1 60. Ke3
Rc1 61. Kd2 Rc3 62. Re3 Rxe3 63. fxe3 f6 64. gxf6+ Kxf6 65. e4 g5 66. hxg5+
Kxg5 67. Ke2 Kf4 68. Kf2 h4 69. Kg2 Ke3 70. d5 exd5 71. e5 d4 72. e6 Bxe6 73.
Nxe6 d3 74. Nc7 d2 75. Nd5+ Kd4 76. Nxb4 d1=Q 77. Nc6+ Ke3 78. Ne7 Qxb3 79.
Nf5+ Ke4 80. Nh6 h3+ 81. Kf1 Qf3+ 82. Ke1 h2 83. Kd2 h1=Q 84. Ng4 Qhg2+ 85. Ke1
Qff1# 0-1

[Event "Waikato under 1800"]
[Site "Hamilton"]
[Date "2012.08.05"]
[Round "6.3"]
[White "Cooper, Nigel"]
[Black "Budd, Michael"]
[Result "0-1"]
[WhiteElo "1655"]
[BlackElo "1794"]
[PlyCount "96"]
[EventDate "2012.08.03"]
[EventType "swiss"]
[EventRounds "6"]
[SourceDate "2012.08.05"]

1. d4 Nf6 2. Bg5 e6 3. e4 h6 4. Bxf6 Qxf6 5. c3 c5 6. Nf3 cxd4 7. Nxd4 Bc5 8.
Be2 Nc6 9. Nf3 O-O 10. O-O Rd8 11. Nbd2 d5 12. exd5 exd5 13. Nb3 Bb6 14. Qc2
Bf5 15. Bd3 Bg4 16. Be2 Rac8 17. Rad1 Bc7 18. h3 Bh5 19. Nbd4 Bg6 20. Qb3 Nxd4
21. Rxd4 Re8 22. Bb5 Re7 23. Bd3 Be4 24. Nd2 Qd6 25. g3 Qg6 26. Bxe4 dxe4 27.
Kg2 Bb6 28. Rc4 Rd8 29. Qc2 Rde8 30. Re1 Qf5 31. Nxe4 Qd5 32. Qe2 f5 33. Rd1
Rxe4 34. Rxd5 Rxe2 35. Rxf5 Rxb2 36. a4 Ra2 37. g4 Rae2 38. Rf3 R2e4 39. Rb4
R8e6 40. Kg3 Bc7+ 41. Kg2 Rxb4 42. cxb4 Re4 43. a5 Rxb4 44. a6 bxa6 45. Ra3 a5
46. Ra2 Bb6 47. Kg3 a4 48. Ra3 Rb3+ 0-1

[Event "Waikato under 1800"]
[Site "Hamilton"]
[Date "2012.08.05"]
[Round "6.4"]
[White "Dare, Richard J"]
[Black "Qin, Nicole Shu Yu"]
[Result "1-0"]
[WhiteElo "1783"]
[BlackElo "1013"]
[PlyCount "75"]
[EventDate "2012.08.03"]
[EventType "swiss"]
[EventRounds "6"]
[SourceDate "2012.08.05"]

1. d4 Nf6 2. c4 e6 3. Nf3 c6 4. Nc3 d5 5. e3 Be7 6. Be2 O-O 7. O-O b6 8. Bd2
Bb7 9. Rc1 Nbd7 10. a3 a5 11. Re1 Qc7 12. Bd3 h6 13. cxd5 exd5 14. e4 dxe4 15.
Nxe4 Nxe4 16. Bxe4 Bf6 17. b4 axb4 18. Bxb4 Rfe8 19. Qc2 Rac8 20. Re2 b5 21.
Rce1 Kh8 22. Bd3 Rxe2 23. Qxe2 Qd8 24. Qe4 g6 25. Bxb5 cxb5 26. Qxb7 Rb8 27.
Qd5 Kg7 28. g3 Qc8 29. Ne5 Bxe5 30. dxe5 Qe8 31. e6 fxe6 32. Rxe6 Qc8 33. Re7+
Kh8 34. Qd4+ Ne5 35. Qxe5+ Kg8 36. Rg7+ Kh8 37. Rxg6+ Kh7 38. Qg7# 1-0

[Event "Waikato under 1800"]
[Site "Hamilton"]
[Date "2012.08.05"]
[Round "6.5"]
[White "Lim, Arvin"]
[Black "Qin, Joy Shu Yan"]
[Result "0-1"]
[WhiteElo "1223"]
[BlackElo "1485"]
[PlyCount "84"]
[EventDate "2012.08.03"]
[EventType "swiss"]
[EventRounds "6"]
[SourceDate "2012.08.05"]

1. e4 e6 2. d4 d5 3. Nd2 Nf6 4. exd5 exd5 5. Ngf3 h6 6. Be2 Bd6 7. Nb3 c6 8.
Be3 O-O 9. O-O b6 10. c3 Be6 11. Qc2 Qc7 12. h3 Ne4 13. Bd3 f5 14. c4 f4 15.
Bd2 Nxd2 16. Nbxd2 Nd7 17. Rfe1 Rae8 18. Re2 dxc4 19. Bxc4 Bxc4 20. Qxc4+ Kh8
21. Rae1 Rxe2 22. Rxe2 Nf6 23. Ne4 b5 24. Qc2 Nxe4 25. Rxe4 c5 26. dxc5 Qxc5
27. Qxc5 Bxc5 28. Re5 Rc8 29. Rf5 Bb6 30. Rxf4 Rc1+ 31. Kh2 Bxf2 32. Rb4 a6 33.
a4 Bc5 34. Re4 Bd6+ 35. g3 Rc2+ 36. Kh1 Rxb2 37. axb5 axb5 38. Ne5 Kg8 39. g4
Rc2 40. Re3 b4 41. Nf3 Rb2 42. Kg1 Bc5 0-1

[Event "Waikato under 1800"]
[Site "Hamilton"]
[Date "2012.08.05"]
[Round "6.6"]
[White "Chen, David"]
[Black "Hooton, Barry R"]
[Result "1-0"]
[WhiteElo "1200"]
[BlackElo "1608"]
[PlyCount "99"]
[EventDate "2012.08.03"]
[EventType "swiss"]
[EventRounds "6"]
[SourceDate "2012.08.05"]

1. e4 c6 2. Nf3 d5 3. exd5 cxd5 4. Bb5+ Nc6 5. d4 Bg4 6. Bg5 Qb6 7. Nc3 e6 8.
Qd3 Bxf3 9. gxf3 g6 10. O-O-O Bg7 11. Rhe1 Kf8 12. Nxd5 exd5 13. Qa3+ Nge7 14.
Bxe7+ Nxe7 15. Qxe7+ Kg8 16. Be8 Qf6 17. Qxb7 Qf4+ 18. Kb1 Rb8 19. Qxd5 Qc7 20.
Qd7 Qxd7 21. Bxd7 Bf6 22. Re8+ Rxe8 23. Bxe8 Kg7 24. Ba4 Rd8 25. d5 Be5 26. h3
Kf6 27. c4 Bd6 28. Rd3 Rc8 29. Bb5 Rc7 30. a3 Re7 31. Re3 Rb7 32. b4 Be5 33.
Re4 Kf5 34. Kc2 f6 35. Ba6 Rc7 36. c5 h5 37. Bd3 Kg5 38. d6 Bxd6 39. Kb3 Be5
40. Kc4 Rd7 41. b5 Rc7 42. c6 a6 43. a4 axb5+ 44. axb5 Ra7 45. Kc5 Ra3 46. Be2
Bc7 47. Re7 Rc3+ 48. Bc4 Bb8 49. c7 Ba7+ 50. Kb4 1-0

[Event "Waikato under 1800"]
[Site "Hamilton"]
[Date "2012.08.05"]
[Round "6.7"]
[White "Cao, Sheng"]
[Black "Judkins, Gary L"]
[Result "0-1"]
[WhiteElo "1247"]
[BlackElo "1576"]
[PlyCount "116"]
[EventDate "2012.08.03"]
[EventType "swiss"]
[EventRounds "6"]
[SourceDate "2012.08.05"]

1. e4 d5 2. exd5 Qxd5 3. Nc3 Qa5 4. d4 Nf6 5. Nf3 Bg4 6. Be2 e6 7. h3 Bxf3 8.
Bxf3 c6 9. Bd2 Qc7 10. O-O Bd6 11. Re1 O-O 12. Bg5 Nbd7 13. Ne4 Be7 14. Bh4
Rfe8 15. Bg3 Qd8 16. Bh4 Nxe4 17. Bxe7 Qxe7 18. Bxe4 Nf6 19. Bf3 Rad8 20. c4
Rd7 21. Qd2 Red8 22. d5 cxd5 23. cxd5 Nxd5 24. Bxd5 Rxd5 25. Qe3 b6 26. Qf3 h6
27. b3 R8d6 28. Kf1 Qd8 29. Kg1 Rd2 30. Kf1 Rc2 31. Kg1 Rdd2 32. a4 Qd4 33. Rf1
e5 34. Rad1 e4 35. Rxd2 Rxd2 36. Qf4 a5 37. Qb8+ Kh7 38. Qf4 Qd5 39. Re1 Rd4
40. Qe3 f5 41. h4 Qe5 42. g3 Qf6 43. Qc3 Qd6 44. Qc8 Qd5 45. Qb8 Qc5 46. Qf4
Rd3 47. Rc1 Qd5 48. Rb1 Qd7 49. g4 Rf3 50. Qe5 Qd3 51. Rb2 fxg4 52. Qe6 g3 53.
Qxb6 e3 54. fxg3 e2 55. Rxe2 Qd1+ 56. Kh2 Qxe2+ 57. Kh3 h5 58. Qxa5 Qf1+ 0-1

[Event "Waikato under 1800"]
[Site "Hamilton"]
[Date "2012.08.05"]
[Round "6.8"]
[White "Davis, Daniel"]
[Black "Smith, Vivian J"]
[Result "0-1"]
[WhiteElo "1000"]
[BlackElo "1797"]
[PlyCount "38"]
[EventDate "2012.08.03"]
[EventType "swiss"]
[EventRounds "6"]
[SourceDate "2012.08.05"]

1. Nf3 d6 2. g3 g6 3. Bg2 Bg7 4. O-O Nf6 5. Nc3 O-O 6. e4 e5 7. d4 exd4 8. Qxd4
Nc6 9. Qd2 Ng4 10. Nd5 Nf6 11. Bh3 Nxd5 12. exd5 Ne5 13. Nxe5 Bxh3 14. Re1 Bxe5
15. Qb4 b6 16. f4 Bg7 17. Qb3 Qd7 18. Re3 Rfe8 19. a4 Bd4 0-1

[Event "Waikato under 1800"]
[Site "Hamilton"]
[Date "2012.08.05"]
[Round "6.10"]
[White "Wang, Tony"]
[Black "Symon, Benjamin"]
[Result "1-0"]
[WhiteElo "974"]
[BlackElo "1100"]
[PlyCount "131"]
[EventDate "2012.08.03"]
[EventType "swiss"]
[EventRounds "6"]
[SourceDate "2012.08.05"]

1. d4 d5 2. c4 c6 3. Nc3 Nf6 4. Bf4 Nbd7 5. e3 c5 6. Rc1 e6 7. Nb5 Ke7 8. Bd6+
Ke8 9. Nc7+ Qxc7 10. Bxc7 cxd4 11. cxd5 Bb4+ 12. Ke2 Nxd5 13. exd4 b6 14. Be5
Bb7 15. Bxg7 Rg8 16. Be5 Nxe5 17. dxe5 Rg5 18. Nf3 Rg4 19. Qa4+ Kd8 20. Qc2
Ba6+ 21. Kd1 Rc8 22. Bxa6 Rxc2 23. Kxc2 Rxg2 24. Rcf1 Ne3+ 25. Kd3 Nxf1 26.
Rxf1 Bc5 27. Ke2 h6 28. h3 Kd7 29. Bd3 h5 30. a3 a5 31. Bh7 Ke7 32. Be4 f6 33.
exf6+ Kxf6 34. a4 Ke7 35. b3 Kd6 36. Ke1 Bb4+ 37. Nd2 Rh2 38. Kd1 Ke5 39. Nf3+
Kxe4 40. Nxh2 Bd6 41. Re1+ Kf4 42. Nf1 e5 43. Ng3 h4 44. Re4+ Kg5 45. Rg4+ Kf6
46. Rxh4 Ke6 47. Re4 Kd5 48. h4 Be7 49. h5 Bg5 50. Re1 Bf6 51. h6 Kc5 52. Nh5
Bh8 53. Ng3 Kb4 54. Re3 b5 55. axb5 Kxb5 56. Nf5 Kc5 57. Ng7 Kd4 58. Rf3 Ke4
59. Rf8 Bxg7 60. hxg7 a4 61. g8=Q a3 62. b4 Kd3 63. Qd5+ Kc3 64. Rc8+ Kb2 65.
Rc2+ Kb1 66. Qa2# 1-0

[Event "Waikato under 1800"]
[Site "Hamilton"]
[Date "2012.08.05"]
[Round "6.11"]
[White "Wang, Aaron"]
[Black "Tuatini, Murray"]
[Result "1-0"]
[WhiteElo "853"]
[BlackElo "1249"]
[PlyCount "101"]
[EventDate "2012.08.03"]
[EventType "swiss"]
[EventRounds "6"]
[SourceDate "2012.08.05"]

1. Nf3 Nc6 2. g3 e5 3. Bg2 d5 4. d3 Bf5 5. c4 dxc4 6. dxc4 Qxd1+ 7. Kxd1 O-O-O+
8. Nbd2 Bb4 9. a3 Bxd2 10. Bxd2 f6 11. b4 Nd4 12. Nxd4 Rxd4 13. c5 c6 14. e3
Rd7 15. e4 Be6 16. Ke2 Ne7 17. Rhd1 Rhd8 18. f3 Bb3 19. Bh3 f5 20. exf5 Bxd1+
21. Rxd1 Kb8 22. f6 Rc7 23. fxe7 Rxe7 24. Bg5 Rxd1 25. Bxe7 Rh1 26. Bg4 h5 27.
Bf5 Rxh2+ 28. Ke3 Ra2 29. Bd6+ Ka8 30. Bxe5 Rxa3+ 31. Bd3 Rb3 32. Bxg7 Rxb4 33.
f4 a5 34. f5 Rg4 35. Be5 Rg8 36. f6 Re8 37. Kf4 Rf8 38. Bc4 a4 39. f7 b5 40.
cxb6 Kb7 41. Bg7 Rxf7+ 42. Bxf7 Kxb6 43. Bxh5 Kb5 44. Be8 a3 45. Bxc6+ Kxc6 46.
Kg5 Kd7 47. Kh6 Ke6 48. g4 Kf7 49. Kh7 a2 50. g5 Ke6 51. g6 1-0

[Event "Waikato under 1800"]
[Site "Hamilton"]
[Date "2012.08.05"]
[Round "6.12"]
[White "Metham, Michael"]
[Black "Sayers, Nicholas"]
[Result "0-1"]
[WhiteElo "1285"]
[BlackElo "1352"]
[PlyCount "62"]
[EventDate "2012.08.03"]
[EventType "swiss"]
[EventRounds "6"]
[SourceDate "2012.08.05"]

1. d4 d5 2. Nf3 Nf6 3. Bf4 e6 4. e3 Be7 5. Bd3 Nc6 6. c3 b6 7. h3 a6 8. O-O O-O
9. Nbd2 Re8 10. Ne5 Nxe5 11. dxe5 Ne4 12. Nf3 c5 13. Nh2 c4 14. Bc2 Bd7 15. Ng4
Bg5 16. Bh2 Nc5 17. f4 Be7 18. Rf3 Qc8 19. Nh6+ Kf8 20. Bxh7 g6 21. Rg3 Ne4 22.
Rxg6 fxg6 23. Bxg6 Bc5 24. Qg4 Bxe3+ 25. Kf1 Ba4 26. Bh5 Nd2+ 27. Ke2 Ne4 28.
Qg8+ Ke7 29. Qf7+ Kd8 30. Kxe3 Qc5+ 31. Kf3 Qf2+ 0-1